BSOP header

The Christ of the Korean heart. (Record no. 46645)

MARC details
000 -LEADER
fixed length control field 00634cam a2200253I 4500
001 - CONTROL NUMBER
control field 1148913
003 - CONTROL NUMBER IDENTIFIER
control field SIRSI
005 - DATE AND TIME OF LATEST TRANSACTION
control field 20190529082529.0
008 - FIXED-LENGTH DATA ELEMENTS--GENERAL INFORMATION
fixed length control field 750122s1955 ohu 0 0 eng u
010 ## - LIBRARY OF CONGRESS CONTROL NUMBER
LC control number 55032268
035 ## - SYSTEM CONTROL NUMBER
System control number (Sirsi) o01148913
035 ## - SYSTEM CONTROL NUMBER
System control number (Sirsi) 01-AAI-0397
036 ## - ORIGINAL STUDY NUMBER FOR COMPUTER DATA FILES
Original study number u80181
040 ## - CATALOGING SOURCE
Transcribing agency ITD
Modifying agency TSW
100 1# - MAIN ENTRY--PERSONAL NAME
Personal name Campbell, Arch,
Dates associated with a name 1894-
245 14 - TITLE STATEMENT
Title The Christ of the Korean heart.
260 ## - PUBLICATION, DISTRIBUTION, ETC. (IMPRINT)
Place of publication, distribution, etc Columbus, Ohio,
Name of publisher, distributor, etc Falco Publishers
Date of publication, distribution, etc c1954.
300 ## - PHYSICAL DESCRIPTION
Extent 144 p.
Other physical details illus.
Dimensions 20 cm.
336 ## - CONTENT TYPE
Content Type Term text
337 ## - MEDIA TYPE
Media Type Term unmediated
338 ## - CARRIER TYPE
Carrier Type Term volume
650 #0 - SUBJECT ADDED ENTRY--TOPICAL TERM
Topical term or geographic name as entry element Missions
Geographic subdivision Korea.
942 ## - ADDED ENTRY ELEMENTS (KOHA)
Source of classification or shelving scheme Library of Congress Classification
Item type Books
Holdings
Withdrawn status Lost status Source of classification or shelving scheme Damaged status Not for loan Home library Current library Shelving location Date acquired Inventory number Total Checkouts Full call number Barcode Date last seen Price effective from Koha item type Copy number
    Library of Congress Classification     BSOP Library BSOP Library GC 05/29/2019 4337   BV3460 C15c 00019944 05/29/2019 05/29/2019 Books  
    Library of Congress Classification     BSOP Library BSOP Library GC 05/29/2019 5465   BV3460 C15c c.2 00019945 05/29/2019 05/29/2019 Books c.2
BSOP

Biblical Seminary of the Philippines
  All rights Reserved
  © 2024

CONTACT INFORMATION

Biblical Seminary of the Philippines,
  77-B Karuhatan Road, Valenzuela City,
  PHILIPPINES 1441
  Phone: +632 8292-6795 / 8292-6798
  Fax : +632 8292-6675
  Email: library@bsop.edu.ph